Who, What, Where TV Challenge Quiz Stats

Quiz Updated Apr 24, 2015

Challenge
Share
Tweet
Score 0/16 Timer 05:00
4 Plays Today
% Correct
Friends
94.9%
SpongeBob SquarePants
88.3%
How I Met Your Mother
84.7%
The Office
82.3%
The Big Bang Theory
81.4%
30 Rock
78.7%
Family Guy
76.2%
Game of Thrones
75.5%
% Correct
Breaking Bad
72.3%
Futurama
65.5%
Prison Break
63%
Arrested Development
61.6%
Doctor Who
60.2%
Community
57.5%
South Park
50.5%
The Simpsons
46.6%

You're not logged in!

Compare scores with friends on all Sporcle quizzes.
Join for Free
OR
Log In

You Might Also Like...

Show Comments

Extras

Top Quizzes Today


Score Distribution

Your Account Isn't Verified!

In order to create a playlist on Sporcle, you need to verify the email address you used during registration. Go to your Sporcle Settings to finish the process.

Report this User

Report this user for behavior that violates our Community Guidelines.

Details: